| 000 | 01040nam a2200277 u 4500 | ||
|---|---|---|---|
| 005 | 20250920063929.0 | ||
| 008 | 191105s1983 mx ao r 000 0 spa d | ||
| 020 | _a9685804176 | ||
| 035 | _aUPN01000233875 | ||
| 040 |
_aMX-MxUPN _bspa _cMX-MxUPN |
||
| 050 |
_aF1219.3 R38 _bH49 1983 |
||
| 100 | 1 |
_aHeyden, Doris, _d1905-2005 _945834 |
|
| 245 | 1 | 0 | _aMitología y simbolismo de la flora en el México prehispánico |
| 250 | _aPrimera edición | ||
| 260 |
_aMéxico : _bUniversidad Nacional Autónoma de México, Instituto de Investigaciones Antropológicas, _c1983. |
||
| 300 |
_a176 páginas : _bilustraciones, fotografías a color y en blanco y negro |
||
| 490 |
_aSerie antropológica. Etnohistoria ; _v44 |
||
| 650 | 4 |
_aMitología indígena _zMéxico _918958 |
|
| 650 | 2 |
_922193 _aFlores _xAspectos simbólicos |
|
| 650 | 4 |
_aIndígenas de México _xFolklore _96772 |
|
| 650 | 0 |
_945394 _aPlantas _xFolklore |
|
| 650 | 0 |
_945395 _aPlantas _xMitología _zMéxico |
|
| 905 | _aLibro | ||
| 942 |
_n0 _2lcc _cLIBRO |
||
| 999 |
_c205970 _d205970 |
||